[Event "Madrid ch 2023-2024 Final"]
[Site "Madrid ESP"]
[Date "2024.05.27"]
[Round "3.14"]
[White "Vukotic Jovsic, Dragan"]
[Black "Martin Martin, Luis Vicente"]
[Result "0-1"]
[WhiteElo "1849"]
[BlackElo "1953"]
[PlyCount "72"]
[EventDate "2024.05.25"]
[EventType "swiss"]
[EventRounds "7"]
[SourceTitle "Ajedrez en Madrid"]
[Source "lmi"]
[SourceDate "2024.05.25"]
[SourceVersion "1"]
[SourceVersionDate "2024.06.01"]
[SourceQuality "1"]

1. d4 d5 2. Nf3 Nf6 3. Bf4 c5 4. e3 Nc6 5. c3 Qb6 6. Qb3 c4 7. Qxb6 axb6 8. Na3
Bf5 9. Nh4 e6 10. Nxf5 exf5 11. Nb5 Kd7 12. Be2 Ra5 13. a4 Ne4 14. f3 Nd6 15.
Kd2 Nxb5 16. axb5 Rxb5 17. b4 Nxb4 18. cxb4 Bxb4+ 19. Kc2 Re8 20. Rhb1 Kc6 21.
Kc1 f6 22. Bd1 Ra5 23. Rxa5 bxa5 24. Ba4+ b5 25. Bc2 g5 26. Bg3 Rxe3 27. Bxf5
Re2 28. Bxh7 Rxg2 29. Bg6 Ba3+ 30. Kd1 Rg1+ 31. Kc2 Rg2+ 32. Kd1 Bb2 33. Be8+
Kb6 34. Bf7 c3 35. Bg6 a4 36. Bc2 Rd2+ 0-1

[Event "Madrid ch 2023-2024 Final"]
[Site "Madrid ESP"]
[Date "2024.05.27"]
[Round "3.15"]
[White "Palomo Monserrat, Lorenzo"]
[Black "Pashov, Spas Nikolov"]
[Result "1/2-1/2"]
[WhiteElo "1740"]
[BlackElo "1893"]
[PlyCount "105"]
[EventDate "2024.05.25"]
[EventType "swiss"]
[EventRounds "7"]
[SourceTitle "Ajedrez en Madrid"]
[Source "lmi"]
[SourceDate "2024.05.25"]
[SourceVersion "1"]
[SourceVersionDate "2024.06.01"]
[SourceQuality "1"]

1. d4 Nf6 2. c4 e6 3. Nc3 d5 4. cxd5 exd5 5. Bg5 Be7 6. e3 O-O 7. Bd3 h6 8. Bh4
c6 9. Nge2 Ne4 10. Bxe7 Qxe7 11. O-O f5 12. Qc2 Be6 13. f3 Nd6 14. e4 fxe4 15.
fxe4 dxe4 16. Rxf8+ Qxf8 17. Nxe4 Nxe4 18. Bxe4 Na6 19. Rf1 Qd6 20. Bh7+ Kh8
21. Qg6 Rd8 22. a3 Bc4 23. Qxd6 Rxd6 24. Bc2 Kg8 25. Rf2 Re6 26. Kf1 Nc7 27. b3
Ba6 28. Ke1 Rxe2+ 29. Rxe2 Bxe2 30. Kxe2 Nb5 31. Ke3 Nxa3 32. Bd3 Kf7 33. Bf5
Nb5 34. Kd3 Ke7 35. g3 Kd6 36. Kc4 Nc7 37. Be4 a5 38. h3 b6 39. Bf3 Ne6 40. Be4
b5+ 41. Kc3 c5 42. dxc5+ Kxc5 43. Bh7 Nd4 44. g4 g5 45. Bg8 b4+ 46. Kd3 Nc6 47.
Ke4 Ne7 48. Bf7 Kd6 49. Kd4 Nc6+ 50. Ke4 Ne7 51. Kd4 Nc6+ 52. Ke4 Ne7 53. Kd4
1/2-1/2

[Event "Madrid ch 2023-2024 Final"]
[Site "Madrid ESP"]
[Date "2024.05.28"]
[Round "4.1"]
[White "Lianes Garcia, Marcos"]
[Black "Horcajuelo Rocamora, Martin"]
[Result "1-0"]
[WhiteElo "2416"]
[BlackElo "2242"]
[PlyCount "85"]
[EventDate "2024.05.25"]
[EventType "swiss"]
[EventRounds "7"]
[SourceTitle "Ajedrez en Madrid"]
[Source "lmi"]
[SourceDate "2024.05.25"]
[SourceVersion "1"]
[SourceVersionDate "2024.06.01"]
[SourceQuality "1"]

1. c4 e6 2. Nc3 d5 3. d4 Nf6 4. Nf3 Be7 5. Bf4 O-O 6. e3 c5 7. dxc5 Nc6 8. a3
Bxc5 9. Qc2 Qa5 10. Rd1 Re8 11. Nd2 d4 12. Nb3 Qb6 13. Nxc5 Qxc5 14. b4 Qe7 15.
exd4 Nxd4 16. Rxd4 e5 17. Rd2 exf4+ 18. Be2 f3 19. gxf3 a5 20. Qb2 axb4 21.
axb4 Qe5 22. Nd1 Qxb2 23. Rxb2 Ra1 24. Rb3 Bh3 25. Re3 Rd8 26. f4 Bg2 27. Rg1
Be4 28. Rc3 Bf5 29. Rgg3 g6 30. Ra3 Rc1 31. Rgc3 Bc2 32. Ra2 Rcxd1+ 33. Bxd1
Bxd1 34. f3 Rd4 35. Rd2 Rxd2 36. Kxd2 Ba4 37. b5 Nd7 38. Rd3 Nc5 39. Rd5 Ne6
40. Rd7 Nc5 41. Rc7 b6 42. Rc6 Bb3 43. Rxc5 1-0

[Event "Madrid ch 2023-2024 Final"]
[Site "Madrid ESP"]
[Date "2024.05.28"]
[Round "4.2"]
[White "Rey Martinez, Jaime"]
[Black "Martin Duque, Jesus"]
[Result "0-1"]
[WhiteElo "2313"]
[BlackElo "2343"]
[PlyCount "120"]
[EventDate "2024.05.25"]
[EventType "swiss"]
[EventRounds "7"]
[SourceTitle "Ajedrez en Madrid"]
[Source "lmi"]
[SourceDate "2024.05.25"]
[SourceVersion "1"]
[SourceVersionDate "2024.06.01"]
[SourceQuality "1"]

1. e4 e5 2. Nf3 Nc6 3. Bc4 Nf6 4. d3 Bc5 5. c3 a6 6. O-O d6 7. Qe2 Ba7 8. a4 h6
9. Be3 Bxe3 10. fxe3 O-O 11. Nbd2 Ne7 12. Rae1 c6 13. Ba2 Ng6 14. Qf2 b5 15.
axb5 axb5 16. Bb3 c5 17. Nh4 Nxh4 18. Qxh4 Be6 19. Bxe6 fxe6 20. Ra1 Qe7 21.
Rfb1 d5 22. d4 cxd4 23. exd4 Rxa1 24. Rxa1 exd4 25. e5 dxc3 26. bxc3 Qc5+ 27.
Qd4 Ne4 28. Qxc5 Nxc5 29. Rb1 Rb8 30. Nf3 Ne4 31. Nd4 Nxc3 32. Rb3 b4 33. Nxe6
Ne2+ 34. Kf2 Nc1 35. Rb1 Nd3+ 36. Ke3 Nxe5 37. Kd4 Ng4 38. h3 Nf6 39. Rb3 Re8
40. Nc5 Re2 41. g4 Rd2+ 42. Ke5 Rc2 43. Ne6 Rc4 44. g5 hxg5 45. Nxg5 Nd7+ 46.
Kxd5 Rc5+ 47. Kd6 Rxg5 48. Kxd7 Rh5 49. Rxb4 Rxh3 50. Ke6 Rh5 51. Rf4 Kh7 52.
Kf7 Kh6 53. Rf1 Rh4 54. Rg1 Rf4+ 55. Ke6 g5 56. Ke5 Kg6 57. Rh1 Ra4 58. Rh8 g4
59. Rg8+ Kh5 60. Kf5 Kh4 0-1

[Event "Madrid ch 2023-2024 Final"]
[Site "Madrid ESP"]
[Date "2024.05.28"]
[Round "4.3"]
[White "Rodriguez Melendez, Juan Humberto"]
[Black "Suarez Uriel, Adrian"]
[Result "0-1"]
[WhiteElo "2073"]
[BlackElo "2401"]
[PlyCount "86"]
[EventDate "2024.05.25"]
[EventType "swiss"]
[EventRounds "7"]
[SourceTitle "Ajedrez en Madrid"]
[Source "lmi"]
[SourceDate "2024.05.25"]
[SourceVersion "1"]
[SourceVersionDate "2024.06.01"]
[SourceQuality "1"]

1. d4 Nf6 2. c4 g6 3. g3 c5 4. d5 e6 5. Nc3 exd5 6. cxd5 d6 7. Bg2 Bg7 8. Nf3
O-O 9. O-O a6 10. a4 Re8 11. Bf4 h6 12. Qc1 g5 13. Bd2 Bf5 14. h4 g4 15. Ne1
Kh7 16. Nc2 Nbd7 17. Ne3 Bg6 18. a5 Ne5 19. Rd1 Rc8 20. b3 Nh5 21. Na4 f5 22.
Nb6 f4 23. Nf1 fxg3 24. fxg3 Rc7 25. Ra4 Rf7 26. Be1 Qe7 27. Nh2 Qf6 28. Ra2
Bf5 29. Nc4 Nxc4 30. Qxc4 Qg6 31. Nf1 Kg8 32. Bc3 Bd7 33. Bxg7 Qxg7 34. Qc1 Bb5
35. Re1 Ref8 36. Qe3 Re7 37. Qd2 Rfe8 38. Qd1 Qe5 39. Kh2 Rf8 40. Qd2 Rxf1 41.
Bxf1 Qxg3+ 42. Kh1 Re3 43. Ra4 Bxa4 0-1

[Event "Madrid ch 2023-2024 Final"]
[Site "Madrid ESP"]
[Date "2024.05.28"]
[Round "4.4"]
[White "Bravo De La Vega, Alvaro"]
[Black "Alfaya Marcelo, Roberto"]
[Result "1/2-1/2"]
[WhiteElo "2027"]
[BlackElo "2265"]
[PlyCount "53"]
[EventDate "2024.05.25"]
[EventType "swiss"]
[EventRounds "7"]
[SourceTitle "Ajedrez en Madrid"]
[Source "lmi"]
[SourceDate "2024.05.25"]
[SourceVersion "1"]
[SourceVersionDate "2024.06.01"]
[SourceQuality "1"]

1. d4 Nf6 2. c4 e6 3. Nf3 Bb4+ 4. Bd2 Qe7 5. g3 Bxd2+ 6. Qxd2 Nc6 7. Nc3 d5 8.
Bg2 dxc4 9. Qg5 O-O 10. Qb5 Qb4 11. Qxb4 Nxb4 12. Rc1 Nbd5 13. Ne5 Rd8 14. Nxc4
Nb6 15. Nxb6 axb6 16. e3 c6 17. a3 e5 18. dxe5 Ng4 19. O-O Nxe5 20. Rfd1 Bg4
21. Rd4 f6 22. h3 Bf3 23. Rxd8+ Rxd8 24. Bxf3 Nxf3+ 25. Kg2 Ne5 26. Rd1 Rxd1
27. Nxd1 1/2-1/2

[Event "Madrid ch 2023-2024 Final"]
[Site "Madrid ESP"]
[Date "2024.05.28"]
[Round "4.5"]
[White "Perez Diez, Victor"]
[Black "Torres Rebolledo, Alvaro"]
[Result "0-1"]
[WhiteElo "2012"]
[BlackElo "2100"]
[PlyCount "96"]
[EventDate "2024.05.25"]
[EventType "swiss"]
[EventRounds "7"]
[SourceTitle "Ajedrez en Madrid"]
[Source "lmi"]
[SourceDate "2024.05.25"]
[SourceVersion "1"]
[SourceVersionDate "2024.06.01"]
[SourceQuality "1"]

1. e4 c6 2. c4 d5 3. exd5 cxd5 4. d4 Nf6 5. Nc3 Nc6 6. Nf3 Bg4 7. cxd5 Nxd5 8.
Qb3 Bxf3 9. gxf3 Nb6 10. d5 Nd4 11. Bb5+ Nd7 12. Qa4 Nxb5 13. Qxb5 g6 14. O-O
Bg7 15. Bg5 Bxc3 16. bxc3 O-O 17. d6 f6 18. Bh6 Rf7 19. dxe7 Rxe7 20. Rfe1 Ne5
21. Qb3+ Rf7 22. Rad1 Nxf3+ 23. Kf1 Qc7 24. Re4 Ne5 25. Qe6 Qc8 26. Qxc8+ Rxc8
27. Red4 Re7 28. Rd8+ Rxd8 29. Rxd8+ Kf7 30. Be3 b6 31. h3 Rc7 32. Ra8 Ke6 33.
Ke2 Kf5 34. a4 h5 35. f4 Nc6 36. Kf3 Ne7 37. c4 Nc8 38. a5 Rxc4 39. axb6 axb6
40. Rb8 Rc3 41. Ke2 Ke4 42. Bxb6 Nxb6 43. Rxb6 Kf5 44. Rb4 Rxh3 45. Kf2 Ra3 46.
Kg2 Kg4 47. Rb6 Ra2+ 48. Kg1 Kg3 0-1

[Event "Madrid ch 2023-2024 Final"]
[Site "Madrid ESP"]
[Date "2024.05.28"]
[Round "4.6"]
[White "Martin Rodriguez, Emilio"]
[Black "Moreno Ruiz, Javier"]
[Result "0-1"]
[WhiteElo "2037"]
[BlackElo "2399"]
[PlyCount "62"]
[EventDate "2024.05.25"]
[EventType "swiss"]
[EventRounds "7"]
[SourceTitle "Ajedrez en Madrid"]
[Source "lmi"]
[SourceDate "2024.05.25"]
[SourceVersion "1"]
[SourceVersionDate "2024.06.01"]
[SourceQuality "1"]

1. d4 Nf6 2. Nc3 d5 3. Bg5 Nbd7 4. f3 c6 5. e4 dxe4 6. fxe4 e5 7. dxe5 Qa5 8.
Bd2 Nxe5 9. Nf3 Qc7 10. Qe2 Bd6 11. O-O-O O-O 12. h3 b5 13. Nd4 b4 14. Nb1 Re8
15. g4 Ng6 16. Bg2 Nf4 17. Bxf4 Bxf4+ 18. Nd2 Bb7 19. Kb1 c5 20. Nf5 g6 21. Nh4
Rad8 22. Rhf1 Bxd2 23. Rxd2 Nxe4 24. Bxe4 Rxd2 25. Qxd2 Bxe4 26. b3 c4 27. Qxb4
cxb3 28. axb3 Bxc2+ 29. Ka1 Qe5+ 30. Ka2 Qe2 31. Rc1 Re6 0-1

[Event "Madrid ch 2023-2024 Final"]
[Site "Madrid ESP"]
[Date "2024.05.28"]
[Round "4.7"]
[White "Garcia Dorado, Alberto"]
[Black "De Vicente Guijarro, Juan"]
[Result "1-0"]
[WhiteElo "2199"]
[BlackElo "1872"]
[PlyCount "95"]
[EventDate "2024.05.25"]
[EventType "swiss"]
[EventRounds "7"]
[SourceTitle "Ajedrez en Madrid"]
[Source "lmi"]
[SourceDate "2024.05.25"]
[SourceVersion "1"]
[SourceVersionDate "2024.06.01"]
[SourceQuality "1"]

1. d4 d5 2. c4 dxc4 3. e4 e5 4. Nf3 Bb4+ 5. Nc3 exd4 6. Nxd4 Ne7 7. Bxc4 Nbc6
8. Be3 O-O 9. O-O Nxd4 10. Bxd4 Nc6 11. Be3 Qxd1 12. Rfxd1 Na5 13. Be2 Bxc3 14.
bxc3 Be6 15. Bf4 c6 16. Bc7 b6 17. f4 f5 18. Bd6 Rf7 19. exf5 Bxf5 20. Bb4 Be4
21. Bxa5 bxa5 22. Bc4 Bd5 23. Rxd5 cxd5 24. Bxd5 Rd8 25. Bxf7+ Kxf7 26. Re1 Rd2
27. a4 Rc2 28. Re5 Rxc3 29. Rxa5 Rc7 30. Kf2 Rd7 31. Ra6 Ke7 32. g4 Kf7 33. h4
g6 34. Kf3 Ke7 35. Ke4 Kf7 36. f5 gxf5+ 37. gxf5 Kg7 38. Ke5 Kf7 39. Rc6 Ke7
40. a5 Kf7 41. Rc8 Rb7 42. Rc3 Rd7 43. Rc6 Ke7 44. a6 Kf7 45. h5 Ke7 46. f6+
Kf7 47. Rc8 h6 48. Rb8 1-0

[Event "Madrid ch 2023-2024 Final"]
[Site "Madrid ESP"]
[Date "2024.05.28"]
[Round "4.8"]
[White "Vioque Gonzalez, Nicolas"]
[Black "Rios Rebollo, Victor"]
[Result "1-0"]
[WhiteElo "2045"]
[BlackElo "2039"]
[PlyCount "83"]
[EventDate "2024.05.25"]
[EventType "swiss"]
[EventRounds "7"]
[SourceTitle "Ajedrez en Madrid"]
[Source "lmi"]
[SourceDate "2024.05.25"]
[SourceVersion "1"]
[SourceVersionDate "2024.06.01"]
[SourceQuality "1"]

1. e4 e6 2. d4 d5 3. Nc3 Nf6 4. Bg5 Be7 5. e5 Nfd7 6. h4 h6 7. Be3 c5 8. Qg4
Kf8 9. f4 Nc6 10. Nf3 h5 11. Qg3 cxd4 12. Bxd4 Qa5 13. O-O-O Nc5 14. Bd3 Na4
15. Nxa4 Qxa4 16. c3 Qxa2 17. Rhf1 Na5 18. Kc2 Bd7 19. Rb1 Ba4+ 20. Kd2 Nc4+
21. Ke2 Na3 22. Ra1 Qxb2+ 23. Nd2 g6 24. Qe3 Bc2 25. c4 Bxd3+ 26. Qxd3 Qb4 27.
cxd5 exd5 28. f5 Nc4 29. Bc3 Qc5 30. fxg6 Nxd2 31. Rxf7+ Ke8 32. Bxd2 Qc4 33.
Qxc4 dxc4 34. e6 Rg8 35. g7 a6 36. Raf1 b5 37. Bg5 Bc5 38. e7 Kd7 39. Rf8 Bxe7
40. Rxa8 Rxa8 41. Rf7 b4 42. Bxe7 1-0

[Event "Madrid ch 2023-2024 Final"]
[Site "Madrid ESP"]
[Date "2024.05.28"]
[Round "4.9"]
[White "Martin Martin, Luis Vicente"]
[Black "Alonso Garcia, Aaron"]
[Result "0-1"]
[WhiteElo "1953"]
[BlackElo "2460"]
[PlyCount "80"]
[EventDate "2024.05.25"]
[EventType "swiss"]
[EventRounds "7"]
[SourceTitle "Ajedrez en Madrid"]
[Source "lmi"]
[SourceDate "2024.05.25"]
[SourceVersion "1"]
[SourceVersionDate "2024.06.01"]
[SourceQuality "1"]

1. d4 Nf6 2. Bf4 e6 3. e3 d5 4. Nf3 Bd6 5. c3 c5 6. Nbd2 Qc7 7. Bxd6 Qxd6 8.
Ne5 O-O 9. Bd3 b6 10. f4 Ba6 11. Bc2 Nc6 12. Qf3 Rac8 13. Qh3 cxd4 14. Ng4 d3
15. Nxf6+ gxf6 16. Bd1 f5 17. O-O f6 18. Rf3 Kh8 19. Bb3 Rc7 20. Qh6 Rg7 21.
Rg3 Qe7 22. Nf3 Rxg3 23. hxg3 Rg8 24. Kf2 Rg6 25. Qh5 Bc4 26. Ba4 b5 27. Nh4
Rg8 28. Bd1 b4 29. Ba4 Nd8 30. Nf3 bxc3 31. bxc3 Nb7 32. Bb3 Qg7 33. Qh4 Nd6
34. Nd2 Ne4+ 35. Nxe4 fxe4 36. Rb1 f5 37. Bxc4 dxc4 38. Rb4 Qxc3 39. Rxc4 Qb2+
40. Kg1 d2 0-1

[Event "Madrid ch 2023-2024 Final"]
[Site "Madrid ESP"]
[Date "2024.05.28"]
[Round "4.10"]
[White "Martinez Fernandez, Raul"]
[Black "Lopez de Turiso, Jose Angel"]
[Result "0-1"]
[WhiteElo "2181"]
[BlackElo "1943"]
[PlyCount "86"]
[EventDate "2024.05.25"]
[EventType "swiss"]
[EventRounds "7"]
[SourceTitle "Ajedrez en Madrid"]
[Source "lmi"]
[SourceDate "2024.05.25"]
[SourceVersion "1"]
[SourceVersionDate "2024.06.01"]
[SourceQuality "1"]

1. e4 Nf6 2. e5 Nd5 3. c4 Nb6 4. d4 d6 5. f4 dxe5 6. fxe5 c5 7. d5 e6 8. Nc3
exd5 9. cxd5 Qh4+ 10. g3 Qd4 11. Nf3 Qxd1+ 12. Kxd1 Bg4 13. Be2 N8d7 14. Bf4 h6
15. h4 Be7 16. Nd2 Bxe2+ 17. Kxe2 O-O 18. Nf3 Rfe8 19. Kd2 g5 20. hxg5 hxg5 21.
Nxg5 Nxe5 22. Kc2 Ng6 23. Nge4 f5 24. Nd6 Nxf4 25. gxf4 Bxd6 26. Rag1+ Kf8 27.
Rh8+ Ke7 28. Rh7+ Kd8 29. Nb5 Re7 30. Rh4 Kd7 31. Rg6 Nc4 32. b3 a6 33. Nc3
Ne3+ 34. Kd3 b5 35. Rhh6 Bxf4 36. Rxa6 Rxa6 37. Rxa6 c4+ 38. bxc4 bxc4+ 39. Kd4
Be5+ 40. Kxe3 Bxc3+ 41. Kf4 Bb2 42. Rc6 c3 43. Kf3 Re8 0-1

[Event "Madrid ch 2023-2024 Final"]
[Site "Madrid ESP"]
[Date "2024.05.28"]
[Round "4.11"]
[White "Blazquez Sanz, Oscar"]
[Black "Pavon Mestras, Luis"]
[Result "0-1"]
[WhiteElo "1965"]
[BlackElo "1885"]
[PlyCount "106"]
[EventDate "2024.05.25"]
[EventType "swiss"]
[EventRounds "7"]
[SourceTitle "Ajedrez en Madrid"]
[Source "lmi"]
[SourceDate "2024.05.25"]
[SourceVersion "1"]
[SourceVersionDate "2024.06.01"]
[SourceQuality "1"]

1. e4 c5 2. Nf3 d6 3. d4 cxd4 4. Nxd4 Nf6 5. Nc3 a6 6. Be3 e5 7. Nb3 Be6 8. f3
Be7 9. Qd2 d5 10. exd5 Nxd5 11. O-O-O Nxe3 12. Qxe3 Nd7 13. Qe4 Qb8 14. Bd3 f5
15. Qe3 O-O 16. Kb1 b5 17. f4 b4 18. Ne2 Qc7 19. fxe5 Qxe5 20. Qxe5 Nxe5 21.
Nf4 Bxb3 22. axb3 Nxd3 23. Rxd3 Rfd8 24. Rhd1 Kf7 25. Nd5 a5 26. Nb6 Rxd3 27.
Rxd3 Rd8 28. Nc4 Rxd3 29. cxd3 Bd8 30. Kc2 Ke6 31. d4 g5 32. Kd3 h5 33. g3 Bc7
34. Nd2 f4 35. Ne4 fxg3 36. hxg3 Bd8 37. Nf2 Kd5 38. Nd1 Bc7 39. Ne3+ Ke6 40.
Ke4 Bxg3 41. d5+ Kd7 42. Kf5 Bf4 43. Nc4 Bc1 44. Nxa5 g4 45. Nc6 g3 46. Ne5+
Kd6 47. Ke4 g2 48. Nf3 h4 49. Ng1 Bxb2 50. Kf3 Bd4 51. Kf4 Bxg1 52. Kg4 Bf2 53.
Kh3 g1=N+ 0-1

[Event "Madrid ch 2023-2024 Final"]
[Site "Madrid ESP"]
[Date "2024.05.28"]
[Round "4.12"]
[White "Vazquez Gonzalez, Jesus"]
[Black "Pashov, Spas Nikolov"]
[Result "1/2-1/2"]
[WhiteElo "1955"]
[BlackElo "1893"]
[PlyCount "97"]
[EventDate "2024.05.25"]
[EventType "swiss"]
[EventRounds "7"]
[SourceTitle "Ajedrez en Madrid"]
[Source "lmi"]
[SourceDate "2024.05.25"]
[SourceVersion "1"]
[SourceVersionDate "2024.06.01"]
[SourceQuality "1"]

1. g3 d5 2. Bg2 Nf6 3. c4 e6 4. d4 Bb4+ 5. Nc3 Ne4 6. Qb3 Nc6 7. Nf3 Bxc3+ 8.
bxc3 Na5 9. Qa4+ c6 10. Ne5 Nxc3 11. Qc2 Ne4 12. cxd5 exd5 13. Bxe4 dxe4 14.
Qxe4 Be6 15. Ba3 Qd5 16. Qh4 f6 17. O-O O-O-O 18. Nf3 Nc4 19. Bb4 h5 20. Qf4
Bf5 21. h4 Rhe8 22. Rfe1 Re4 23. Qc1 Bg4 24. Bc3 Rde8 25. Qd1 Nd6 26. Rb1 g5
27. hxg5 fxg5 28. Ne5 h4 29. f3 Bh3 30. fxe4 Qxe4 31. Nf3 Qe3+ 32. Kh1 Ne4 33.
Qb3 Bg2+ 34. Kh2 hxg3+ 35. Kxg2 Qf2+ 36. Kh3 b6 37. Rf1 Qxe2 38. Rbe1 g2 39.
Qd1 gxf1=Q+ 40. Rxf1 Qxd1 41. Rxd1 Nf2+ 42. Kg3 Nxd1 43. Bd2 Ne3 44. Bc1 g4 45.
Ne5 Nf5+ 46. Kxg4 Nxd4 47. Nf7 Kd7 48. Bf4 c5 49. a4 1/2-1/2

[Event "Madrid ch 2023-2024 Final"]
[Site "Madrid ESP"]
[Date "2024.05.28"]
[Round "4.13"]
[White "Cardena Contreras, Javier"]
[Black "Palomo Monserrat, Lorenzo"]
[Result "0-1"]
[WhiteElo "1885"]
[BlackElo "1740"]
[PlyCount "86"]
[EventDate "2024.05.25"]
[EventType "swiss"]
[EventRounds "7"]
[SourceTitle "Ajedrez en Madrid"]
[Source "lmi"]
[SourceDate "2024.05.25"]
[SourceVersion "1"]
[SourceVersionDate "2024.06.01"]
[SourceQuality "1"]

1. e4 c5 2. Nc3 Nc6 3. f4 g6 4. Nf3 Bg7 5. a4 d6 6. Bb5 e6 7. O-O Nge7 8. Qe1
O-O 9. d3 d5 10. Bxc6 Nxc6 11. e5 f6 12. exf6 Bxf6 13. Ne5 Qd6 14. Nb5 Qb8 15.
Ng4 Bg7 16. c3 a6 17. Na3 e5 18. Nxe5 Nxe5 19. fxe5 Rxf1+ 20. Kxf1 Qxe5 21.
Qxe5 Bxe5 22. Be3 Bxh2 23. Bxc5 Bf5 24. Rd1 Bg3 25. Nc2 Bg4 26. Rd2 Re8 27. Be3
b5 28. axb5 axb5 29. b3 h5 30. Bg5 Ra8 31. Bf6 Rf8 32. Nb4 Rxf6+ 33. Kg1 Re6
34. Nc2 Re2 35. Rxe2 Bxe2 36. d4 Bd1 37. Na3 Bxb3 38. Nxb5 Kf7 39. Na7 Ba4 40.
Kf1 Bb8 41. Nc8 Bc7 42. Ke2 Bd7 43. Na7 Bb6 0-1

[Event "Madrid ch 2023-2024 Final"]
[Site "Madrid ESP"]
[Date "2024.05.28"]
[Round "4.14"]
[White "Gutierrez Diaz, Pablo"]
[Black "Vukotic Jovsic, Dragan"]
[Result "1/2-1/2"]
[WhiteElo "1994"]
[BlackElo "1849"]
[PlyCount "138"]
[EventDate "2024.05.25"]
[EventType "swiss"]
[EventRounds "7"]
[SourceTitle "Ajedrez en Madrid"]
[Source "lmi"]
[SourceDate "2024.05.25"]
[SourceVersion "1"]
[SourceVersionDate "2024.06.01"]
[SourceQuality "1"]

1. e4 c5 2. Nf3 d6 3. Bb5+ Nd7 4. O-O Ngf6 5. Re1 e5 6. c3 a6 7. Bf1 Be7 8. d4
O-O 9. Nbd2 Qc7 10. dxe5 dxe5 11. a4 b6 12. Bc4 Rb8 13. Qe2 Qb7 14. Nh4 g6 15.
Ndf3 b5 16. Ba2 Qc6 17. Bh6 Re8 18. Ng5 c4 19. b3 bxa4 20. bxa4 Nb6 21. a5 Ng4
22. axb6 Nxh6 23. Nhf3 f6 24. Bxc4+ Kg7 25. b7 Bxb7 26. Ne6+ Kh8 27. Bd5 Qc8
28. Reb1 Bd6 29. Qd2 Nf7 30. Neg5 Nxg5 31. Nxg5 Bxd5 32. Qxd5 fxg5 33. Qxd6
Rxb1+ 34. Rxb1 Qxc3 35. h3 Rc8 36. Qf6+ Kg8 37. Qxa6 Rc6 38. Qa8+ Kg7 39. Qd8
Rf6 40. Rb7+ Rf7 41. Rxf7+ Kxf7 42. Qd7+ Kg8 43. Qd5+ Kg7 44. Qb7+ Kg8 45. g3
Qd4 46. Kf1 Qd1+ 47. Kg2 Qd4 48. Qb3+ Kg7 49. Qb7+ Kf6 50. Qc6+ Kg7 51. Qc2 Qd6
52. Kf3 h5 53. Qb3 Qd7 54. Qd5 g4+ 55. hxg4 Qxg4+ 56. Ke3 Qg5+ 57. Kd3 Qf6 58.
Ke3 g5 59. Qd7+ Kg6 60. Qc8 g4 61. f4 gxf3 62. Qg8+ Kh6 63. Kf2 h4 64. gxh4
Qxh4+ 65. Kf1 Qh1+ 66. Kf2 Qg2+ 67. Qxg2 fxg2 68. Kxg2 Kh5 69. Kh3 Kg5 1/2-1/2

[Event "Madrid ch 2023-2024 Final"]
[Site "Madrid ESP"]
[Date "2024.05.29"]
[Round "5.1"]
[White "Martin Duque, Jesus"]
[Black "Lianes Garcia, Marcos"]
[Result "1-0"]
[WhiteElo "2343"]
[BlackElo "2416"]
[PlyCount "113"]
[EventDate "2024.05.25"]
[EventType "swiss"]
[EventRounds "7"]
[SourceTitle "Ajedrez en Madrid"]
[Source "lmi"]
[SourceDate "2024.05.25"]
[SourceVersion "1"]
[SourceVersionDate "2024.06.01"]
[SourceQuality "1"]

1. d4 d5 2. c4 e6 3. Nf3 Nf6 4. g3 Be7 5. Bg2 O-O 6. Nc3 c5 7. cxd5 exd5 8. O-O
Nc6 9. Bg5 c4 10. Ne5 Be6 11. Nxc6 bxc6 12. b3 h6 13. Bxf6 Bxf6 14. Rc1 cxb3
15. axb3 Qb6 16. e3 Be7 17. Na4 Qb5 18. Nc5 Rab8 19. Nxe6 fxe6 20. Qg4 Rf6 21.
e4 dxe4 22. Qxe4 Rb6 23. Rxc6 Qxc6 24. Qxc6 Rxc6 25. Bxc6 Bd8 26. Rd1 Bb6 27.
Rd2 Kf8 28. Kg2 Ke7 29. Bb5 Rf8 30. Bc4 Rd8 31. Re2 Rxd4 32. Rxe6+ Kf8 33. Re5
Rd2 34. Rf5+ Ke8 35. h4 Rc2 36. h5 Rd2 37. g4 Bc7 38. Kh3 Rd4 39. Rc5 Kd8 40.
g5 Rf4 41. gxh6 gxh6 42. Rc6 Rxf2 43. Rxh6 Rh2+ 44. Kg4 Bb6 45. Rh7 Be3 46. Kf5
a5 47. Ke6 Rh4 48. Kd6 Bf4+ 49. Kc6 Ke8 50. Ra7 Bd2 51. Kd6 Kf8 52. Rf7+ Ke8
53. Rg7 Rd4+ 54. Bd5 Rf4 55. Ke6 Kf8 56. h6 Rh4 57. Kd7 1-0

[Event "Madrid ch 2023-2024 Final"]
[Site "Madrid ESP"]
[Date "2024.05.29"]
[Round "5.2"]
[White "Horcajuelo Rocamora, Martin"]
[Black "Suarez Uriel, Adrian"]
[Result "0-1"]
[WhiteElo "2242"]
[BlackElo "2401"]
[PlyCount "52"]
[EventDate "2024.05.25"]
[EventType "swiss"]
[EventRounds "7"]
[SourceTitle "Ajedrez en Madrid"]
[Source "lmi"]
[SourceDate "2024.05.25"]
[SourceVersion "1"]
[SourceVersionDate "2024.06.01"]
[SourceQuality "1"]

1. d4 Nf6 2. c4 e6 3. Nf3 a6 4. Bg5 h6 5. Bh4 c5 6. d5 d6 7. Nc3 exd5 8. Nxd5
g5 9. Bg3 Nxd5 10. Qxd5 Nc6 11. e3 Be6 12. Qd2 Bg7 13. Rd1 g4 14. Ng1 Qb6 15.
Ne2 Qxb2 16. Qxb2 Bxb2 17. Rb1 Ba3 18. Nf4 Bb4+ 19. Kd1 Bf5 20. Rb2 O-O 21. Nd5
Be4 22. Be2 Bxg2 23. Bxg4 Kh8 24. Rg1 Be4 25. Bh4 Rg8 26. Rg3 Rxg4 0-1

[Event "Madrid ch 2023-2024 Final"]
[Site "Madrid ESP"]
[Date "2024.05.29"]
[Round "5.3"]
[White "Torres Rebolledo, Alvaro"]
[Black "Bravo De La Vega, Alvaro"]
[Result "1-0"]
[WhiteElo "2100"]
[BlackElo "2027"]
[PlyCount "65"]
[EventDate "2024.05.25"]
[EventType "swiss"]
[EventRounds "7"]
[SourceTitle "Ajedrez en Madrid"]
[Source "lmi"]
[SourceDate "2024.05.25"]
[SourceVersion "1"]
[SourceVersionDate "2024.06.01"]
[SourceQuality "1"]

1. e4 e5 2. Nf3 Nc6 3. Bc4 Nf6 4. d3 Bc5 5. Bg5 h6 6. Bh4 d6 7. c3 g5 8. Bg3
Qe7 9. O-O a6 10. a4 Ba7 11. Nbd2 Rg8 12. b4 h5 13. h4 gxh4 14. Bxh4 Bh3 15.
Ng5 Bxg2 16. Kxg2 Nh7 17. Ndf3 Nxg5 18. Nxg5 Rxg5+ 19. Bxg5 Qxg5+ 20. Kh3 Qf6
21. f4 O-O-O 22. Qf3 Qg7 23. Ra2 Ne7 24. Rg2 Ng6 25. fxe5 dxe5 26. Kh2 Qh6 27.
Qxf7 Nf4 28. Rg7 Qd6 29. d4 Qc6 30. Rg8 b5 31. Rxf4 bxc4 32. Rxd8+ Kxd8 33.
Qg8+ 1-0

[Event "Madrid ch 2023-2024 Final"]
[Site "Madrid ESP"]
[Date "2024.05.29"]
[Round "5.4"]
[White "Moreno Ruiz, Javier"]
[Black "Vioque Gonzalez, Nicolas"]
[Result "1/2-1/2"]
[WhiteElo "2399"]
[BlackElo "2045"]
[PlyCount "50"]
[EventDate "2024.05.25"]
[EventType "swiss"]
[EventRounds "7"]
[SourceTitle "Ajedrez en Madrid"]
[Source "lmi"]
[SourceDate "2024.05.25"]
[SourceVersion "1"]
[SourceVersionDate "2024.06.01"]
[SourceQuality "1"]

1. d4 d5 2. c4 e6 3. Nc3 Nf6 4. Bg5 Be7 5. e3 O-O 6. Nf3 h6 7. Bh4 Ne4 8. Bxe7
Qxe7 9. Rc1 Nxc3 10. Rxc3 a6 11. Qc2 c6 12. e4 dxc4 13. Bxc4 b5 14. Be2 Bb7 15.
O-O Nd7 16. e5 b4 17. Rc4 a5 18. Qd2 Rfd8 19. Qe3 c5 20. dxc5 Ba6 21. Rd4 Nxc5
22. Rxd8+ Rxd8 23. Bxa6 Nxa6 24. Qb6 Nc7 25. h3 a4 1/2-1/2